国有化私鉄 - Statistics

General Stats
  • This quiz has been taken 65 times
    50 since last reset
  • The average score is 24 of 85
Answer Stats
国有化年月日 鉄道会社名 現在/廃線時の路線名 % Correct
1906-11-01 日本鉄道 東北本線など
90%
1907-10-01 関西鉄道 関西本線など
78%
1906-12-01 山陽鉄道 山陽本線など
71%
甲武鉄道 中央本線
63%
1907-09-01 総武鉄道(初代) 総武本線
61%
南武鉄道 南武線など
61%
1944-06-01 相模鉄道 相模線
61%
1907-07-01 北海道鉄道(初代) 函館本線
59%
1943-08-01 北海道鉄道(2代) 千歳線など
59%
九州鉄道(初代) 鹿児島本線など
56%
参宮鉄道 参宮線など
56%
1943-07-01 鶴見臨港鉄道 鶴見線
56%
1920-09-01 成田鉄道(初代) 成田線
54%
1918-06-01 足尾鉄道 足尾線
49%
1922-06-15 魚沼鉄道 魚沼線
49%
1927-10-01 越後鉄道 越後線
49%
1917-10-01 横浜鉄道 横浜線
46%
1919-03-31 有馬鉄道 有馬線
46%
七尾鉄道 七尾線
44%
徳島鉄道 徳島線
44%
1943-06-01 富山地方鉄道 富山港線
41%
房総鉄道 外房線
39%
1937-06-01 信濃鉄道 大糸線
39%
1941-04-01 樺太鉄道 樺太東線
39%
西成鉄道 桜島線など
37%
1933-06-01 芸備鉄道 芸備線
37%
1937-07-01 芸備鉄道 芸備線
37%
1944-05-01 宮城電気鉄道 仙石線
37%
阪鶴鉄道 福知山線
34%
中国鉄道 津山線
34%
小野田鉄道 小野田線
32%
1943-05-01 宇部鉄道 宇部線
32%
南海鉄道 阪和線
32%
飯山鉄道 飯山線
29%
1906-10-01 北海道炭礦鉄道 函館本線
27%
京都鉄道 山陰本線
27%
1933-07-01 阿波鉄道 鳴門線など
27%
岩越鉄道 磐越西線
24%
1935-06-01 大隅鉄道 大隅線
24%
1941-10-01 留萠鉄道 留萌駅構内
24%
伊那電気鉄道 飯田線
24%
鳳来寺鉄道
24%
1944-04-01 青梅電気鉄道 青梅線
24%
豊川鉄道
22%
1917-09-21 宮崎県営鉄道 妻線
20%
1935-07-01 宮崎県営鉄道 日南線
20%
1936-08-01 岩手軽便鉄道 釜石線
20%
西日本鉄道 香椎線など
20%
1927-12-01 水戸鉄道(2代) 水郡線
20%
1907-08-01 北越鉄道 信越本線
17%
1934-07-01 新宮鉄道 紀勢本線
17%
1941-05-01 白棚鉄道 白棚線
17%
1941-05-01 富士身延鉄道 身延線
17%
三信鉄道
17%
1944-07-01 胆振縦貫鉄道 胆振線
17%
1933-08-01 宇和島鉄道 予土線
15%
1933-09-01 両備鉄道 福塩線
15%
1943-04-01 樺太庁鉄道 樺太東線など
15%
奥多摩電気鉄道
15%
中越鉄道 城端線など
12%
1923-09-01 千葉県営鉄道 久留里線
12%
1926-09-25 東濃鉄道(初代) 太多線
12%
1934-08-01 簸上鉄道 木次線
12%
1936-07-01 阿南鉄道 牟岐線
12%
1936-10-01 佐世保鉄道 松浦線など
12%
1937-10-01 北九州鉄道 筑肥線
12%
播丹鉄道 加古川線など
12%
産業セメント鉄道 後藤寺線など
12%
1927-06-01 陸奥鉄道 五能線
10%
1934-06-01 秋田鉄道 花輪線
10%
1934-09-01 佐久鉄道 小海線
10%
小倉鉄道 日田彦山線など
10%
1919-04-01 仙北軽便鉄道 石巻線
7%
1922-12-05 大湯鉄道 久大本線
7%
1925-06-01 長州鉄道 山陰本線
7%
1927-08-01 苫小牧軽便鉄道 日高本線
7%
日高拓殖鉄道
7%
1933-10-01 愛媛鉄道 予讃線
7%
1937-09-01 横荘鉄道 矢島線
7%
1920-07-01 大日本軌道 東海道本線
5%
1936-09-01 広浜鉄道 可部線
5%
1944-09-21 恵須取鉄道 樺太西線(未)
5%
1917-09-01 阿波国共同汽船 小松島線
2%
1920-06-01 美祢軽便鉄道 美祢線
2%
1941-09-01 新潟臨港開発 信越本線貨物線
2%
No matching quizzes found
Score Distribution
Percent of People with Each Score
Percentile by Number Answered
Your Score History
You have not taken this quiz since the last reset